| 000 | 00812nam a22002177a 4500 | ||
|---|---|---|---|
| 003 | OSt | ||
| 005 | 20150408114139.0 | ||
| 008 | 130905s 2009su ||||g |||| 00| 0 ara d | ||
| 040 | _ama-un | ||
| 082 |
_221 _a372.218 _bع ت ط |
||
| 245 |
_aطرق التدريس في رياض الأطفال / _cتوحيدة عبدالعزيز علي عزيز ، مضاوي عبدالرحمن الراشد |
||
| 250 | _aط 1 | ||
| 260 |
_aالرياض : _bمكتبة الرشد ، _c2009 |
||
| 300 |
_a216ص ؛ _c24 سم |
||
| 100 |
_aعزيز ، توحيدة عبدالعزيز علي _eمؤلف _936842 |
||
| 650 | _aرياض الاطفال | ||
| 650 | _aطرق التدريس | ||
| 650 |
_aتعليم الاطفال _912721 |
||
| 700 |
_aالراشد ، مضاوي عبدالرحمن _eمؤلف _936843 |
||
| 942 |
_2ddc _cBOOK |
||
| 999 |
_c30644 _d265144 |
||